<?xml version="1.0" encoding="UTF-8"?>
<collection xmlns="http://www.loc.gov/MARC21/slim">
 <record>
  <leader>06704cam a2201141   4500</leader>
  <controlfield tag="001">1605384380</controlfield>
  <controlfield tag="003">DE-627</controlfield>
  <controlfield tag="005">20240817195450.0</controlfield>
  <controlfield tag="007">tu</controlfield>
  <controlfield tag="008">850101s1976    gw ||||| m    00| ||ger c</controlfield>
  <datafield tag="015" ind1=" " ind2=" ">
   <subfield code="a">76,N36,0095</subfield>
   <subfield code="2">dnb</subfield>
  </datafield>
  <datafield tag="015" ind1=" " ind2=" ">
   <subfield code="a">77,A11,1047</subfield>
   <subfield code="2">dnb</subfield>
  </datafield>
  <datafield tag="016" ind1="7" ind2=" ">
   <subfield code="a">770700071</subfield>
   <subfield code="2">DE-101</subfield>
  </datafield>
  <datafield tag="020" ind1=" " ind2=" ">
   <subfield code="a">377491205X</subfield>
   <subfield code="9">3-7749-1205-X</subfield>
  </datafield>
  <datafield tag="035" ind1=" " ind2=" ">
   <subfield code="a">(DE-627)1605384380</subfield>
  </datafield>
  <datafield tag="035" ind1=" " ind2=" ">
   <subfield code="a">(DE-576)005697247</subfield>
  </datafield>
  <datafield tag="035" ind1=" " ind2=" ">
   <subfield code="a">(DE-599)BSZ005697247</subfield>
  </datafield>
  <datafield tag="035" ind1=" " ind2=" ">
   <subfield code="a">(OCoLC)2856087</subfield>
  </datafield>
  <datafield tag="035" ind1=" " ind2=" ">
   <subfield code="a">(OCoLC)185370887</subfield>
  </datafield>
  <datafield tag="035" ind1=" " ind2=" ">
   <subfield code="a">(DE-604)8019851030</subfield>
  </datafield>
  <datafield tag="040" ind1=" " ind2=" ">
   <subfield code="a">DE-627</subfield>
   <subfield code="b">ger</subfield>
   <subfield code="c">DE-627</subfield>
   <subfield code="e">rakwb</subfield>
  </datafield>
  <datafield tag="041" ind1=" " ind2=" ">
   <subfield code="a">ger</subfield>
  </datafield>
  <datafield tag="044" ind1=" " ind2=" ">
   <subfield code="c">XA-DE</subfield>
  </datafield>
  <datafield tag="050" ind1=" " ind2="0">
   <subfield code="a">DS156.E2</subfield>
  </datafield>
  <datafield tag="082" ind1="0" ind2=" ">
   <subfield code="a">911.496</subfield>
   <subfield code="q">OCLC</subfield>
  </datafield>
  <datafield tag="084" ind1=" " ind2=" ">
   <subfield code="a">14a</subfield>
   <subfield code="a">15a</subfield>
   <subfield code="a">12a</subfield>
   <subfield code="2">sdnb</subfield>
  </datafield>
  <datafield tag="084" ind1=" " ind2=" ">
   <subfield code="a">9,10</subfield>
   <subfield code="a">1</subfield>
   <subfield code="2">ssgn</subfield>
  </datafield>
  <datafield tag="084" ind1=" " ind2=" ">
   <subfield code="a">6,23</subfield>
   <subfield code="2">ssgn</subfield>
  </datafield>
  <datafield tag="084" ind1=" " ind2=" ">
   <subfield code="a">NM 7650</subfield>
   <subfield code="2">rvk</subfield>
   <subfield code="0">(DE-625)rvk/126432:</subfield>
  </datafield>
  <datafield tag="084" ind1=" " ind2=" ">
   <subfield code="a">RR 17609</subfield>
   <subfield code="2">rvk</subfield>
   <subfield code="0">(DE-625)rvk/142431:12795</subfield>
  </datafield>
  <datafield tag="084" ind1=" " ind2=" ">
   <subfield code="a">NM 8000</subfield>
   <subfield code="2">rvk</subfield>
   <subfield code="0">(DE-625)rvk/126440:</subfield>
  </datafield>
  <datafield tag="084" ind1=" " ind2=" ">
   <subfield code="a">RR 17829</subfield>
   <subfield code="2">rvk</subfield>
   <subfield code="0">(DE-625)rvk/142431:12878</subfield>
  </datafield>
  <datafield tag="084" ind1=" " ind2=" ">
   <subfield code="a">ND 9300</subfield>
   <subfield code="2">rvk</subfield>
   <subfield code="0">(DE-625)rvk/125179:</subfield>
  </datafield>
  <datafield tag="084" ind1=" " ind2=" ">
   <subfield code="a">LH 67760</subfield>
   <subfield code="2">rvk</subfield>
   <subfield code="0">(DE-625)rvk/94688:154</subfield>
  </datafield>
  <datafield tag="100" ind1="1" ind2=" ">
   <subfield code="a">Hellenkemper, Hansgerd</subfield>
   <subfield code="d">1945-</subfield>
   <subfield code="0">(DE-588)108826376</subfield>
   <subfield code="0">(DE-627)55785590X</subfield>
   <subfield code="0">(DE-576)161369146</subfield>
   <subfield code="4">aut</subfield>
  </datafield>
  <datafield tag="245" ind1="1" ind2="0">
   <subfield code="a">Burgen der Kreuzritterzeit in der Grafschaft Edessa und im Koenigreich Kleinarmenien</subfield>
   <subfield code="b">Studien zur historischen Siedlungsgeographie Südost-Kleinasiens</subfield>
   <subfield code="c">von Hansgerd Hellenkemper</subfield>
  </datafield>
  <datafield tag="264" ind1=" " ind2="1">
   <subfield code="a">Bonn</subfield>
   <subfield code="b">Habelt</subfield>
   <subfield code="c">1976</subfield>
  </datafield>
  <datafield tag="300" ind1=" " ind2=" ">
   <subfield code="a">XIX, 303 S., 44 Bl.</subfield>
   <subfield code="b">Ill.</subfield>
   <subfield code="e">4 Kt.-Beil.</subfield>
  </datafield>
  <datafield tag="336" ind1=" " ind2=" ">
   <subfield code="a">Text</subfield>
   <subfield code="b">txt</subfield>
   <subfield code="2">rdacontent</subfield>
  </datafield>
  <datafield tag="337" ind1=" " ind2=" ">
   <subfield code="a">ohne Hilfsmittel zu benutzen</subfield>
   <subfield code="b">n</subfield>
   <subfield code="2">rdamedia</subfield>
  </datafield>
  <datafield tag="338" ind1=" " ind2=" ">
   <subfield code="a">Band</subfield>
   <subfield code="b">nc</subfield>
   <subfield code="2">rdacarrier</subfield>
  </datafield>
  <datafield tag="361" ind1="1" ind2=" ">
   <subfield code="5">DE-7</subfield>
   <subfield code="y">118221097X</subfield>
   <subfield code="s">A 2010 A 44540</subfield>
   <subfield code="o">Vorbesitz</subfield>
   <subfield code="a">Göckenjan, Hansgerd</subfield>
   <subfield code="0">(DE-588)131939971</subfield>
   <subfield code="0">(DE-627)516185780</subfield>
   <subfield code="0">(DE-576)298849747</subfield>
   <subfield code="f">Exemplar: Donator</subfield>
  </datafield>
  <datafield tag="490" ind1="1" ind2=" ">
   <subfield code="a">Geographica historica</subfield>
   <subfield code="v">1</subfield>
  </datafield>
  <datafield tag="502" ind1=" " ind2=" ">
   <subfield code="a">Zugl.: Bonn, Univ., Diss., 1971</subfield>
  </datafield>
  <datafield tag="561" ind1=" " ind2=" ">
   <subfield code="5">DE-7</subfield>
   <subfield code="3">Exemplarsatz-ID: 118221097X, Signatur: A 2010 A 44540</subfield>
   <subfield code="a">Vorbesitz: Göckenjan, Hansgerd ; http://d-nb.info/gnd/131939971 / Exemplar: Donator</subfield>
  </datafield>
  <datafield tag="583" ind1="1" ind2=" ">
   <subfield code="a">Archivierung/Langzeitarchivierung gewährleistet</subfield>
   <subfield code="f">SSG</subfield>
   <subfield code="x">XA-DE-BW</subfield>
   <subfield code="2">pdager</subfield>
   <subfield code="5">DE-21</subfield>
  </datafield>
  <datafield tag="583" ind1="1" ind2=" ">
   <subfield code="a">Archivierung/Langzeitarchivierung gewährleistet</subfield>
   <subfield code="f">SSG</subfield>
   <subfield code="x">XA-DE-BW</subfield>
   <subfield code="2">pdager</subfield>
   <subfield code="5">DE-16</subfield>
  </datafield>
  <datafield tag="583" ind1="1" ind2=" ">
   <subfield code="a">Archivierung prüfen</subfield>
   <subfield code="c">20240324</subfield>
   <subfield code="f">DE-4165</subfield>
   <subfield code="z">3</subfield>
   <subfield code="2">pdager</subfield>
  </datafield>
  <datafield tag="653" ind1=" " ind2="0">
   <subfield code="a">Urfa İli (Turkey)</subfield>
   <subfield code="a">Historical geography</subfield>
  </datafield>
  <datafield tag="653" ind1=" " ind2="0">
   <subfield code="a">Armenia</subfield>
   <subfield code="a">Historical geography</subfield>
  </datafield>
  <datafield tag="653" ind1=" " ind2="0">
   <subfield code="a">Castles</subfield>
   <subfield code="a">Turkey</subfield>
   <subfield code="a">Urfa İli</subfield>
  </datafield>
  <datafield tag="653" ind1=" " ind2="0">
   <subfield code="a">Castles</subfield>
   <subfield code="a">Armenia</subfield>
  </datafield>
  <datafield tag="653" ind1=" " ind2="0">
   <subfield code="a">Latin Orient</subfield>
  </datafield>
  <datafield tag="655" ind1=" " ind2="7">
   <subfield code="a">Hochschulschrift</subfield>
   <subfield code="0">(DE-588)4113937-9</subfield>
   <subfield code="0">(DE-627)105825778</subfield>
   <subfield code="0">(DE-576)209480580</subfield>
   <subfield code="2">gnd-content</subfield>
  </datafield>
  <datafield tag="689" ind1="0" ind2="0">
   <subfield code="d">g</subfield>
   <subfield code="0">(DE-588)4085685-9</subfield>
   <subfield code="0">(DE-627)10605726X</subfield>
   <subfield code="0">(DE-576)209230886</subfield>
   <subfield code="a">Anatolien</subfield>
   <subfield code="2">gnd</subfield>
  </datafield>
  <datafield tag="689" ind1="0" ind2="1">
   <subfield code="d">s</subfield>
   <subfield code="0">(DE-588)4165647-7</subfield>
   <subfield code="0">(DE-627)105438588</subfield>
   <subfield code="0">(DE-576)209896779</subfield>
   <subfield code="a">Kreuzfahrerburg</subfield>
   <subfield code="2">gnd</subfield>
  </datafield>
  <datafield tag="689" ind1="0" ind2=" ">
   <subfield code="5">(DE-627)</subfield>
  </datafield>
  <datafield tag="689" ind1="1" ind2="0">
   <subfield code="d">g</subfield>
   <subfield code="0">(DE-588)4031034-6</subfield>
   <subfield code="0">(DE-627)104263326</subfield>
   <subfield code="0">(DE-576)208990240</subfield>
   <subfield code="a">Königreich Kleinarmenien</subfield>
   <subfield code="2">gnd</subfield>
  </datafield>
  <datafield tag="689" ind1="1" ind2="1">
   <subfield code="d">s</subfield>
   <subfield code="0">(DE-588)4165647-7</subfield>
   <subfield code="0">(DE-627)105438588</subfield>
   <subfield code="0">(DE-576)209896779</subfield>
   <subfield code="a">Kreuzfahrerburg</subfield>
   <subfield code="2">gnd</subfield>
  </datafield>
  <datafield tag="689" ind1="1" ind2=" ">
   <subfield code="5">(DE-627)</subfield>
  </datafield>
  <datafield tag="689" ind1="2" ind2="0">
   <subfield code="d">g</subfield>
   <subfield code="0">(DE-588)4013552-4</subfield>
   <subfield code="0">(DE-627)106343041</subfield>
   <subfield code="0">(DE-576)208904328</subfield>
   <subfield code="a">Grafschaft Edessa</subfield>
   <subfield code="2">gnd</subfield>
  </datafield>
  <datafield tag="689" ind1="2" ind2="1">
   <subfield code="d">s</subfield>
   <subfield code="0">(DE-588)4165647-7</subfield>
   <subfield code="0">(DE-627)105438588</subfield>
   <subfield code="0">(DE-576)209896779</subfield>
   <subfield code="a">Kreuzfahrerburg</subfield>
   <subfield code="2">gnd</subfield>
  </datafield>
  <datafield tag="689" ind1="2" ind2=" ">
   <subfield code="5">(DE-627)</subfield>
  </datafield>
  <datafield tag="689" ind1="3" ind2="0">
   <subfield code="d">s</subfield>
   <subfield code="0">(DE-588)4165647-7</subfield>
   <subfield code="0">(DE-627)105438588</subfield>
   <subfield code="0">(DE-576)209896779</subfield>
   <subfield code="a">Kreuzfahrerburg</subfield>
   <subfield code="2">gnd</subfield>
  </datafield>
  <datafield tag="689" ind1="3" ind2=" ">
   <subfield code="5">(DE-627)</subfield>
  </datafield>
  <datafield tag="689" ind1="4" ind2="0">
   <subfield code="d">g</subfield>
   <subfield code="0">(DE-588)4013552-4</subfield>
   <subfield code="0">(DE-627)106343041</subfield>
   <subfield code="0">(DE-576)208904328</subfield>
   <subfield code="a">Grafschaft Edessa</subfield>
   <subfield code="2">gnd</subfield>
  </datafield>
  <datafield tag="689" ind1="4" ind2="1">
   <subfield code="d">s</subfield>
   <subfield code="0">(DE-588)4009104-1</subfield>
   <subfield code="0">(DE-627)106364677</subfield>
   <subfield code="0">(DE-576)208880399</subfield>
   <subfield code="a">Burg</subfield>
   <subfield code="2">gnd</subfield>
  </datafield>
  <datafield tag="689" ind1="4" ind2=" ">
   <subfield code="5">(DE-627)</subfield>
  </datafield>
  <datafield tag="689" ind1="5" ind2="0">
   <subfield code="d">g</subfield>
   <subfield code="0">(DE-588)4031034-6</subfield>
   <subfield code="0">(DE-627)104263326</subfield>
   <subfield code="0">(DE-576)208990240</subfield>
   <subfield code="a">Königreich Kleinarmenien</subfield>
   <subfield code="2">gnd</subfield>
  </datafield>
  <datafield tag="689" ind1="5" ind2="1">
   <subfield code="d">s</subfield>
   <subfield code="0">(DE-588)4009104-1</subfield>
   <subfield code="0">(DE-627)106364677</subfield>
   <subfield code="0">(DE-576)208880399</subfield>
   <subfield code="a">Burg</subfield>
   <subfield code="2">gnd</subfield>
  </datafield>
  <datafield tag="689" ind1="5" ind2=" ">
   <subfield code="5">(DE-627)</subfield>
  </datafield>
  <datafield tag="751" ind1=" " ind2=" ">
   <subfield code="a">Bonn</subfield>
   <subfield code="0">(DE-588)4007666-0</subfield>
   <subfield code="0">(DE-627)106372270</subfield>
   <subfield code="0">(DE-576)208871632</subfield>
   <subfield code="4">uvp</subfield>
  </datafield>
  <datafield tag="787" ind1="0" ind2="8">
   <subfield code="i">Rezensiert in</subfield>
   <subfield code="a">Meckseper, Cord, 1934 - </subfield>
   <subfield code="t">[Rezension von: Hansgerd Hellenkemper, Burgen der Kreuzritterzeit in der Grafschaft Edessa und im Königreich Kleinarmenien]</subfield>
   <subfield code="d">Braubach : Deutsche Burgenvereinigung, 1981</subfield>
   <subfield code="w">(DE-627)1789249554</subfield>
  </datafield>
  <datafield tag="787" ind1="0" ind2="8">
   <subfield code="i">Rezensiert in</subfield>
   <subfield code="a">Leistikow, Dankwart, 1926 - 2010</subfield>
   <subfield code="t">[Rezension von: Hansgerd Hellenkemper, Burgen der Kreuzritterzeit in der Grafschaft Edessa und im Königreich Kleinarmenien, Studien zur Historischen Siedlungsgeographie Südost-Kleinasiens]</subfield>
   <subfield code="d">Köln : Rheinland-Verlag GmbH, 1979</subfield>
   <subfield code="w">(DE-627)1795650109</subfield>
  </datafield>
  <datafield tag="830" ind1=" " ind2="0">
   <subfield code="a">Geographica historica</subfield>
   <subfield code="v">1</subfield>
   <subfield code="9">1</subfield>
   <subfield code="w">(DE-627)130204374</subfield>
   <subfield code="w">(DE-576)005697239</subfield>
   <subfield code="w">(DE-600)532816-0</subfield>
   <subfield code="x">1381-0472</subfield>
   <subfield code="7">ns</subfield>
  </datafield>
  <datafield tag="889" ind1=" " ind2=" ">
   <subfield code="w">(DE-627)026310023</subfield>
  </datafield>
  <datafield tag="935" ind1=" " ind2=" ">
   <subfield code="a">mteo</subfield>
   <subfield code="a">BGTS</subfield>
  </datafield>
  <datafield tag="935" ind1=" " ind2=" ">
   <subfield code="i">mdedup</subfield>
  </datafield>
  <datafield tag="936" ind1="r" ind2="v">
   <subfield code="a">NM 7650</subfield>
   <subfield code="b">Einzelbeiträge</subfield>
   <subfield code="k">Geschichte</subfield>
   <subfield code="k">Geschichte des Mittelalters</subfield>
   <subfield code="k">Sondergebiete der mittelalterlichen Geschichte</subfield>
   <subfield code="k">Kreuzzüge (1095 - 1291)</subfield>
   <subfield code="k">Einzelbeiträge</subfield>
   <subfield code="0">(DE-627)1271462923</subfield>
   <subfield code="0">(DE-625)rvk/126432:</subfield>
   <subfield code="0">(DE-576)201462923</subfield>
  </datafield>
  <datafield tag="936" ind1="r" ind2="v">
   <subfield code="a">RR 17609</subfield>
   <subfield code="b">Teilgebiete und Einzelfragen</subfield>
   <subfield code="k">Geografie</subfield>
   <subfield code="k">Regionale Geografie</subfield>
   <subfield code="k">Asien (ohne GUS)</subfield>
   <subfield code="k">Vorderasien, Westasien und Naher Osten (gegebenenfalls einschl. Nordafrika)</subfield>
   <subfield code="k">Türkei</subfield>
   <subfield code="k">Allgemeine Geografie</subfield>
   <subfield code="k">Anthropogeografie</subfield>
   <subfield code="k">Siedlungsgeografie</subfield>
   <subfield code="k">Teilgebiete und Einzelfragen</subfield>
   <subfield code="0">(DE-627)1271929481</subfield>
   <subfield code="0">(DE-625)rvk/142431:12795</subfield>
   <subfield code="0">(DE-576)201929481</subfield>
  </datafield>
  <datafield tag="936" ind1="r" ind2="v">
   <subfield code="a">NM 8000</subfield>
   <subfield code="b">Sonstiges</subfield>
   <subfield code="k">Geschichte</subfield>
   <subfield code="k">Geschichte des Mittelalters</subfield>
   <subfield code="k">Sondergebiete der mittelalterlichen Geschichte</subfield>
   <subfield code="k">Kreuzzüge (1095 - 1291)</subfield>
   <subfield code="k">Sonstiges</subfield>
   <subfield code="0">(DE-627)1271463024</subfield>
   <subfield code="0">(DE-625)rvk/126440:</subfield>
   <subfield code="0">(DE-576)201463024</subfield>
  </datafield>
  <datafield tag="936" ind1="r" ind2="v">
   <subfield code="a">RR 17829</subfield>
   <subfield code="b">Mittelalter</subfield>
   <subfield code="k">Geografie</subfield>
   <subfield code="k">Regionale Geografie</subfield>
   <subfield code="k">Asien (ohne GUS)</subfield>
   <subfield code="k">Vorderasien, Westasien und Naher Osten (gegebenenfalls einschl. Nordafrika)</subfield>
   <subfield code="k">Türkei</subfield>
   <subfield code="k">Allgemeine Geografie</subfield>
   <subfield code="k">Anthropogeografie</subfield>
   <subfield code="k">Historische Geografie</subfield>
   <subfield code="k">Mittelalter</subfield>
   <subfield code="0">(DE-627)1272268969</subfield>
   <subfield code="0">(DE-625)rvk/142431:12878</subfield>
   <subfield code="0">(DE-576)202268969</subfield>
  </datafield>
  <datafield tag="936" ind1="r" ind2="v">
   <subfield code="a">ND 9300</subfield>
   <subfield code="b">Burgen- und Schlösserkunde</subfield>
   <subfield code="k">Geschichte</subfield>
   <subfield code="k">Historische Hilfswissenschaften</subfield>
   <subfield code="k">Varia</subfield>
   <subfield code="k">Burgen- und Schlösserkunde</subfield>
   <subfield code="0">(DE-627)1270962639</subfield>
   <subfield code="0">(DE-625)rvk/125179:</subfield>
   <subfield code="0">(DE-576)200962639</subfield>
  </datafield>
  <datafield tag="936" ind1="r" ind2="v">
   <subfield code="a">LH 67760</subfield>
   <subfield code="b">allgemein</subfield>
   <subfield code="k">Kunstgeschichte</subfield>
   <subfield code="k">Allgemeines. Allgemeine Kunstgeschichte</subfield>
   <subfield code="k">Kunstgeschichte einzelner Gattungen der Kunst</subfield>
   <subfield code="k">Architektur</subfield>
   <subfield code="k">Ordnung nach Aufgaben</subfield>
   <subfield code="k">Wehrbauten (Burg, Befestigungsbauten, Kriegsbaukunst)</subfield>
   <subfield code="k">allgemein</subfield>
   <subfield code="0">(DE-627)1270787403</subfield>
   <subfield code="0">(DE-625)rvk/94688:154</subfield>
   <subfield code="0">(DE-576)200787403</subfield>
  </datafield>
  <datafield tag="951" ind1=" " ind2=" ">
   <subfield code="a">BO</subfield>
  </datafield>
  <datafield tag="990" ind1=" " ind2=" ">
   <subfield code="a">Anatolien</subfield>
  </datafield>
  <datafield tag="990" ind1=" " ind2=" ">
   <subfield code="a">Kreuzfahrerburg</subfield>
  </datafield>
  <datafield tag="990" ind1=" " ind2=" ">
   <subfield code="a">Königreich Kleinarmenien</subfield>
  </datafield>
  <datafield tag="990" ind1=" " ind2=" ">
   <subfield code="a">Kreuzfahrerburg</subfield>
  </datafield>
  <datafield tag="990" ind1=" " ind2=" ">
   <subfield code="a">Grafschaft Edessa</subfield>
  </datafield>
  <datafield tag="990" ind1=" " ind2=" ">
   <subfield code="a">Kreuzfahrerburg</subfield>
  </datafield>
  <datafield tag="990" ind1=" " ind2=" ">
   <subfield code="a">Kreuzfahrerburg</subfield>
  </datafield>
  <datafield tag="990" ind1=" " ind2=" ">
   <subfield code="a">Grafschaft Edessa</subfield>
  </datafield>
  <datafield tag="990" ind1=" " ind2=" ">
   <subfield code="a">Burg</subfield>
  </datafield>
  <datafield tag="990" ind1=" " ind2=" ">
   <subfield code="a">Königreich Kleinarmenien</subfield>
  </datafield>
  <datafield tag="990" ind1=" " ind2=" ">
   <subfield code="a">Burg</subfield>
  </datafield>
  <datafield tag="991" ind1=" " ind2=" ">
   <subfield code="a">Rezensiertes Werk</subfield>
  </datafield>
  <datafield tag="999" ind1=" " ind2=" ">
   <subfield code="a">KXP-PPN1605384380</subfield>
   <subfield code="e">4075637859</subfield>
  </datafield>
 </record>
</collection>
